[Event "Eschborn op"]
[Site "Eschborn"]
[Date "2018.10.07"]
[Round "5"]
[White "Van Boemmel, Philipp"]
[Black "Schwab, Tizian"]
[Result "1-0"]
[WhiteElo "1638"]
[BlackElo "1174"]
[PlyCount "127"]
[EventDate "2018.10.05"]
[EventType "swiss"]
[EventRounds "5"]
[EventCountry "GER"]
[SourceTitle "CBM 187 Extra"]
[Source "ChessBase"]
[SourceDate "2018.11.04"]
[SourceVersion "1"]
[SourceVersionDate "2018.11.04"]
[SourceQuality "1"]

1. d4 d5 2. e3 Nf6 3. Bd3 Bg4 4. Ne2 e6 5. Nd2 Nc6 6. c3 e5 7. f3 Bd7 8. 0-0 Bd6 9. a3 0-0 10. c4 dxc4 11. Nxc4 exd4 12. Nxd6 cxd6 13. exd4 Re8 14. Bg5 h6 15. Bh4 Qe7 16. Re1 Qe3+ 17. Bf2 Qg5 18. Qc1 Qxc1 19. Raxc1 a6 20. Bg3 d5 21. b4 b5 22. Rc5 Rac8 23. Rec1 Re3 24. R1c3 Ree8 25. Kf1 g5 26. h4 Ne7 27. hxg5 hxg5 28. Be5 Kg7 29. g4 Be6 30. f4 Ng6 31. Bxf6+ Kxf6 32. f5 Bxf5 33. Bxf5 Rxc5 34. dxc5 Nh4 35. Bd7 Rd8 36. c6 Ke7 37. Nd4 Kd6 38. c7 Kxd7 39. cxd8Q+ Kxd8 40. Rc5 Ke7 41. Rxd5 Ng6 42. Rxg5 Nf4 43. Rf5 Ng6 44. Nc6+ Ke8 45. Nb8 Nh4 46. Rh5 Nf3 47. Nxa6 Nd4 48. Nc7+ Ke7 49. Nxb5 Nc2 50. Ke2 f5 51. Rxf5 Ke6 52. Kd2 Nxa3 53. Nxa3 Kd6 54. g5 Ke6 55. Rf6+ Ke7 56. b5 Ke8 57. b6 Kd7 58. g6 Ke7 59. Rf7+ Kd6 60. g7 Kc6 61. g8Q Kxb6 62. Qc8 Ka5 63. Rb7 Ka4 64. Qa8# 1-0

[Event "Eschborn op"]
[Site "Eschborn"]
[Date "2018.10.06"]
[Round "4"]
[White "Speck, Stefan"]
[Black "Van Boemmel, Philipp"]
[Result "1-0"]
[WhiteElo "1969"]
[BlackElo "1638"]
[PlyCount "47"]
[EventDate "2018.10.05"]
[EventType "swiss"]
[EventRounds "5"]
[EventCountry "GER"]
[SourceTitle "CBM 187 Extra"]
[Source "ChessBase"]
[SourceDate "2018.11.04"]
[SourceVersion "1"]
[SourceVersionDate "2018.11.04"]
[SourceQuality "1"]

1. e4 c6 2. d4 d5 3. Nc3 dxe4 4. Nxe4 Bf5 5. Ng3 Bg6 6. Nh3 e6 7. Nf4 Bd6 8. h4 Ne7 9. h5 Bf5 10. c3 Qc7 11. Nxf5 Nxf5 12. Qf3 Nd7 13. Bd3 0-0-0 14. Bd2 Ne7 15. 0-0-0 e5 16. Ne2 Rdf8 17. c4 exd4 18. Nxd4 Ne5 19. Bf5+ Kb8 20. Qc3 Nxf5 21. Nxf5 f6 22. c5 Be7 23. Nxg7 Qc8 24. f4 1-0

[Event "Wiesbaden op 28th"]
[Site "Wiesbaden"]
[Date "2016.08.26"]
[Round "2"]
[White "Reinecke, Alexander"]
[Black "Van Boemmel, Philipp"]
[Result "1/2-1/2"]
[WhiteElo "1118"]
[BlackElo "1730"]
[PlyCount "31"]
[EventDate "2016.08.25"]
[EventType "swiss"]
[EventRounds "7"]
[EventCountry "GER"]
[SourceTitle "CBM 174 Extra"]
[Source "ChessBase"]
[SourceDate "2016.10.10"]
[SourceVersion "1"]
[SourceVersionDate "2016.10.10"]
[SourceQuality "1"]

1. e4 e6 2. d4 d5 3. exd5 exd5 4. Nf3 Bd6 5. Nc3 c6 6. Bd3 Ne7 7. Ne2 Qc7 8. Ng3 h5 9. Nh4 Bg4 10. Be2 Nd7 11. Bxg4 hxg4 12. Qxg4 0-0-0 13. Nhf5 Nxf5 14. Qxf5 Bxg3 15. fxg3 Rxh2 16. 0-0 1/2-1/2

[Event "Wiesbaden op 27th"]
[Site "Wiesbaden"]
[Date "2015.08.29"]
[Round "4"]
[White "Krueger, Stefan"]
[Black "Van Boemmel, Philipp"]
[Result "1/2-1/2"]
[WhiteElo "1951"]
[BlackElo "1714"]
[PlyCount "65"]
[EventDate "2015.08.27"]
[EventType "swiss"]
[EventRounds "7"]
[EventCountry "GER"]
[SourceTitle "EXT 2016"]
[Source "ChessBase"]
[SourceDate "2015.10.08"]
[SourceVersion "1"]
[SourceVersionDate "2015.10.08"]
[SourceQuality "1"]

1. d4 f5 2. g3 Nf6 3. Bg2 g6 4. Nf3 Bg7 5. 0-0 0-0 6. b3 d6 7. Bb2 c6 8. Nbd2 Na6 9. c4 e5 10. dxe5 Ng4 11. Qc2 Nxe5 12. Nxe5 dxe5 13. Rad1 Qe8 14. a3 Nc7 15. c5 Be6 16. Nc4 Bxc4 17. Qxc4+ Qf7 18. Qc2 Rad8 19. Rxd8 Rxd8 20. Rd1 Rxd1+ 21. Qxd1 Qe7 22. e4 fxe4 23. Bxe4 Bf6 24. b4 Kg7 25. h4 a5 26. h5 axb4 27. axb4 Ne6 28. hxg6 hxg6 29. Qg4 Nf8 30. Kg2 Qe6 31. Qd1 Qc4 32. Qc2 Qxc2 33. Bxc2 1/2-1/2

[Event "Wiesbaden op 27th"]
[Site "Wiesbaden"]
[Date "2015.08.27"]
[Round "1"]
[White "Van Boemmel, Philipp"]
[Black "Mueller, Philipp"]
[Result "0-1"]
[WhiteElo "1714"]
[BlackElo "2095"]
[PlyCount "44"]
[EventDate "2015.08.27"]
[EventType "swiss"]
[EventRounds "7"]
[EventCountry "GER"]
[SourceTitle "EXT 2016"]
[Source "ChessBase"]
[SourceDate "2015.10.08"]
[SourceVersion "1"]
[SourceVersionDate "2015.10.08"]
[SourceQuality "1"]

1. Nf3 Nf6 2. g3 d5 3. c4 c6 4. b3 Bg4 5. Bg2 Nbd7 6. Bb2 e6 7. 0-0 Bd6 8. d4 0-0 9. Nbd2 Qe7 10. Ne5 Bh5 11. Qe1 Bxe5 12. dxe5 Ng4 13. Nf3 f6 14. exf6 Ngxf6 15. Ne5 Nxe5 16. Bxe5 dxc4 17. bxc4 Qc5 18. Qc3 Bxe2 19. Rfc1 Rad8 20. Bxf6 Rxf6 21. Qe1 Bd3 22. Qd2 Rd4 0-1

[Event "Eschborn op 11th"]
[Site "Eschborn"]
[Date "2014.09.06"]
[Round "2"]
[White "Van Boemmel, Philipp"]
[Black "Westenthanner, Paul"]
[Result "0-1"]
[WhiteElo "1534"]
[BlackElo "1951"]
[PlyCount "67"]
[EventDate "2014.09.05"]
[EventType "swiss"]
[EventRounds "5"]
[EventCountry "GER"]
[SourceTitle "EXT 2015"]
[Source "ChessBase"]
[SourceDate "2014.11.20"]
[SourceVersion "1"]
[SourceVersionDate "2014.11.20"]
[SourceQuality "1"]

1. c4 Nf6 2. g3 g6 3. Bg2 Bg7 4. Nc3 c6 5. e4 d6 6. Nge2 Na6 7. 0-0 Be6 8. d3 Qc8 9. Re1 0-0 10. Rb1 Rd8 11. b4 d5 12. b5 Nc7 13. cxd5 cxd5 14. e5 Nd7 15. f4 Nb6 16. Nd4 Bh3 17. Bxh3 Qxh3 18. g4 f6 19. Rb2 fxe5 20. fxe5 Bh6 21. Bxh6 Qxh6 22. Rg2 Rf8 23. g5 Qg7 24. Qg4 Qf7 25. Qg3 Ne6 26. Nxe6 Qxe6 27. Ne2 Nd7 28. Nd4 Qb6 29. Qh4 Nc5 30. Rg3 Ne6 31. Rg4 Rac8 32. Kh1 Nxd4 33. Rxd4 Qxb5 34. Rb4 0-1

[Event "Karl Mala Memorial op-A 17th"]
[Site "Frankfurt"]
[Date "2014.08.02"]
[Round "4"]
[White "Modric, Vladimir"]
[Black "Van Boemmel, Philipp"]
[Result "1-0"]
[WhiteElo "1883"]
[BlackElo "1722"]
[PlyCount "43"]
[EventDate "2014.07.31"]
[EventType "swiss"]
[EventRounds "7"]
[EventCountry "GER"]
[SourceTitle "EXT 2015"]
[Source "ChessBase"]
[SourceDate "2014.11.20"]
[SourceVersion "1"]
[SourceVersionDate "2014.11.20"]
[SourceQuality "1"]

1. d4 e6 2. Bf4 f5 3. Nf3 Nf6 4. e3 Be7 5. Bd3 b6 6. c4 0-0 7. Nc3 Bb7 8. Qe2 Ne4 9. h4 d6 10. Bxe4 fxe4 11. Ng5 Bxg5 12. hxg5 g6 13. Qg4 Qe7 14. 0-0-0 Rf7 15. Bg3 d5 16. Rh6 Nd7 17. Rdh1 Nf8 18. Be5 a6 19. a3 c5 20. Qg3 cxd4 21. Bxd4 Rc8 22. Qe5 1-0

[Event "Karl Mala Memorial op-A 17th"]
[Site "Frankfurt"]
[Date "2014.08.01"]
[Round "3"]
[White "Van Boemmel, Philipp"]
[Black "Spitzl, Vinzent"]
[Result "0-1"]
[WhiteElo "1722"]
[BlackElo "1902"]
[PlyCount "56"]
[EventDate "2014.07.31"]
[EventType "swiss"]
[EventRounds "7"]
[EventCountry "GER"]
[SourceTitle "EXT 2015"]
[Source "ChessBase"]
[SourceDate "2014.11.20"]
[SourceVersion "1"]
[SourceVersionDate "2014.11.20"]
[SourceQuality "1"]

1. c4 e6 2. g3 d5 3. Bg2 Nf6 4. Nf3 Be7 5. 0-0 0-0 6. b3 d4 7. Bb2 c5 8. d3 Nc6 9. Na3 e5 10. Re1 Ne8 11. e3 f6 12. exd4 cxd4 13. Nc2 Bg4 14. a3 a5 15. Rb1 Rb8 16. h3 Bh5 17. g4 Bf7 18. Qe2 Bd6 19. Nd2 Nc7 20. Ne4 Ne6 21. Bc1 Bc7 22. b4 Ne7 23. Nc5 Nxc5 24. bxc5 Nc6 25. Bd2 Be6 26. Rb5 f5 27. Bxc6 bxc6 28. Rxb8 Bxb8 0-1

[Event "Frankfurt-chA"]
[Site "Frankfurt"]
[Date "2014.05.12"]
[Round "3"]
[White "Van Boemmel, Philipp"]
[Black "Gude, Michael"]
[Result "0-1"]
[WhiteElo "1511"]
[BlackElo "1587"]
[PlyCount "51"]
[EventDate "2014.04.28"]
[EventType "swiss"]
[EventRounds "7"]
[EventCountry "GER"]
[SourceTitle "EXT 2015"]
[Source "ChessBase"]
[SourceDate "2014.11.20"]
[SourceVersion "1"]
[SourceVersionDate "2014.11.20"]
[SourceQuality "1"]

1. d4 f5 2. Nc3 Nf6 3. Bg5 e6 4. e4 fxe4 5. Nxe4 Be7 6. Bxf6 Bxf6 7. Nf3 b6 8. Bd3 Bb7 9. Qe2 Nc6 10. c3 0-0 11. Nxf6+ Qxf6 12. 0-0 a5 13. Ne5 Nxe5 14. dxe5 Qg5 15. Be4 Bxe4 16. Qxe4 Rad8 17. f4 Qe7 18. Rae1 Qc5+ 19. Kh1 Rf7 20. b4 Qxc3 21. bxa5 Qxa5 22. Qc4 b5 23. Qe2 Ra8 24. g4 b4 25. f5 Qd5+ 26. Kg1 0-1

[Event "Eschborn op 10th"]
[Site "Eschborn"]
[Date "2013.08.31"]
[Round "3"]
[White "Van Boemmel, Philipp"]
[Black "Mager, Denis"]
[Result "0-1"]
[WhiteElo "1511"]
[BlackElo "2079"]
[PlyCount "50"]
[EventDate "2013.08.30"]
[EventType "swiss"]
[EventRounds "5"]
[EventCountry "GER"]
[SourceTitle "EXT 2014"]
[Source "ChessBase"]
[SourceDate "2013.11.20"]
[SourceVersion "1"]
[SourceVersionDate "2013.11.20"]
[SourceQuality "1"]

1. c4 e5 2. Nc3 Nf6 3. g3 Bb4 4. Bg2 0-0 5. e3 Bxc3 6. bxc3 d6 7. Ne2 Nc6 8. e4 Ne8 9. h3 f5 10. exf5 Bxf5 11. d3 Nf6 12. g4 Bg6 13. Ng3 Nd7 14. Be3 Nc5 15. Bxc5 dxc5 16. Ne4 Qe7 17. Rb1 Nd8 18. Qe2 Ne6 19. Qe3 Nf4 20. 0-0 b6 21. Bh1 Rad8 22. Rbd1 Qh4 23. Kh2 Rd7 24. Rd2 Rfd8 25. Rfd1 h5 0-1

[Event "Wiesbaden op 24th"]
[Site "Wiesbaden"]
[Date "2012.08.25"]
[Round "5"]
[White "Wagner, Stefan1111"]
[Black "Van Boemmel, Philipp"]
[Result "1-0"]
[WhiteElo "1955"]
[BlackElo "1728"]
[PlyCount "45"]
[EventDate "2012.08.23"]
[EventType "swiss"]
[EventRounds "7"]
[EventCountry "GER"]
[SourceTitle "CBM 150 Extra"]
[Source "ChessBase"]
[SourceDate "2012.10.19"]
[SourceVersion "1"]
[SourceVersionDate "2012.10.19"]
[SourceQuality "1"]

1. d4 d6 2. Nf3 Nf6 3. c4 Nbd7 4. Nc3 c6 5. e4 e5 6. d5 cxd5 7. cxd5 Be7 8. Be2 0-0 9. 0-0 Ne8 10. Qc2 Nc5 11. b4 Na6 12. a3 f5 13. Nd2 f4 14. Nc4 Rf6 15. Bf3 Bd7 16. Qb3 Rc8 17. Nxe5 dxe5 18. d6+ Be6 19. dxe7 Qxe7 20. Nd5 Bxd5 21. Qxd5+ Kh8 22. Bb2 Rh6 23. Qxe5 1-0

[Event "Wiesbaden op 24th"]
[Site "Wiesbaden"]
[Date "2012.08.24"]
[Round "2"]
[White "Van Boemmel, Philipp"]
[Black "Geyler, Stefan"]
[Result "0-1"]
[WhiteElo "1728"]
[BlackElo "1915"]
[PlyCount "58"]
[EventDate "2012.08.23"]
[EventType "swiss"]
[EventRounds "7"]
[EventCountry "GER"]
[SourceTitle "CBM 150 Extra"]
[Source "ChessBase"]
[SourceDate "2012.10.19"]
[SourceVersion "1"]
[SourceVersionDate "2012.10.19"]
[SourceQuality "1"]

1. Nf3 Nf6 2. d4 g6 3. Nc3 d5 4. Bf4 Bg7 5. e3 0-0 6. Be2 c5 7. Ne5 Qb6 8. Rb1 Nc6 9. Nxc6 bxc6 10. Be5 cxd4 11. exd4 Ne8 12. Bxg7 Nxg7 13. Na4 Qc7 14. Nc5 Ne6 15. Nxe6 Bxe6 16. 0-0 c5 17. c3 Qb6 18. Re1 Bf5 19. Bd3 Bxd3 20. Qxd3 e6 21. dxc5 Qxc5 22. Rbd1 Rfc8 23. Re3 Rab8 24. Qd2 Rb7 25. g4 Qf8 26. Kg2 Qg7 27. Rd3 Rcb8 28. b3 Rc8 29. Re1 Qf6 0-1

[Event "Karl Mala Memorial op 15th"]
[Site "Frankfurt"]
[Date "2012.07.06"]
[Round "3"]
[White "Beck, Michael"]
[Black "Van Boemmel, Philipp"]
[Result "1-0"]
[WhiteElo "1983"]
[BlackElo "1721"]
[PlyCount "43"]
[EventDate "2012.07.05"]
[EventType "swiss"]
[EventRounds "7"]
[EventCountry "GER"]
[SourceTitle "CBM 149 Extra"]
[Source "ChessBase"]
[SourceDate "2012.08.24"]
[SourceVersion "1"]
[SourceVersionDate "2012.08.24"]
[SourceQuality "1"]

1. e4 d6 2. d3 c5 3. g3 Nc6 4. Bg2 g6 5. Nc3 Bg7 6. Nf3 Rb8 7. a4 e6 8. 0-0 Nge7 9. Be3 0-0 10. Qc1 b6 11. Bh6 Bb7 12. Re1 Re8 13. Bxg7 Kxg7 14. h4 Nd4 15. Nh2 Ng8 16. Ra3 Kf8 17. Nd1 Qf6 18. Ne3 Qg7 19. c3 Nc6 20. Ra1 Ne5 21. Qd2 Nf6 22. f4 1-0

[Event "Karl Mala Memorial op 14th"]
[Site "Frankfurt"]
[Date "2011.07.10"]
[Round "6"]
[White "Rausch, Wolfgang"]
[Black "Van Boemmel, Philipp"]
[Result "1-0"]
[WhiteElo "1806"]
[BlackElo "1581"]
[PlyCount "35"]
[EventDate "2011.07.07"]
[EventType "swiss"]
[EventRounds "7"]
[EventCountry "GER"]
[SourceTitle "EXT 2012"]
[Source "ChessBase"]
[SourceDate "2011.11.24"]
[SourceVersion "1"]
[SourceVersionDate "2011.11.24"]
[SourceQuality "1"]

1. c4 e5 2. Nc3 d6 3. Nf3 Nf6 4. d4 Nbd7 5. e4 c6 6. Be2 Be7 7. 0-0 0-0 8. Qc2 Re8 9. Rd1 Qc7 10. h3 Nf8 11. Be3 Ng6 12. Rac1 a6 13. b4 Bf8 14. d5 c5 15. bxc5 dxc5 16. Bg5 Bd6 17. Bxf6 gxf6 18. Nh2 1-0

[Event "Karl Mala Memorial op 14th"]
[Site "Frankfurt"]
[Date "2011.07.07"]
[Round "1"]
[White "Van Boemmel, Philipp"]
[Black "Hess, Steffen"]
[Result "0-1"]
[WhiteElo "1581"]
[BlackElo "2005"]
[PlyCount "80"]
[EventDate "2011.07.07"]
[EventType "swiss"]
[EventRounds "7"]
[EventCountry "GER"]
[SourceTitle "EXT 2012"]
[Source "ChessBase"]
[SourceDate "2011.11.24"]
[SourceVersion "1"]
[SourceVersionDate "2011.11.24"]
[SourceQuality "1"]

1. c4 c5 2. Nc3 Nc6 3. Nf3 g6 4. g3 Bg7 5. Bg2 Nf6 6. 0-0 0-0 7. d3 b6 8. Rb1 Bb7 9. Bg5 d6 10. a3 h6 11. Bd2 Qd7 12. b4 Ne8 13. Qc1 Kh7 14. e3 Qf5 15. e4 Qd7 16. Re1 e5 17. Nd5 Nc7 18. Bxh6 Bxh6 19. Nf6+ Kg7 20. Qxh6+ Kxf6 21. Qg5+ Kg7 22. bxc5 dxc5 23. Nxe5 Nxe5 24. Qxe5+ f6 25. Qc3 Qd4 26. Qxd4 cxd4 27. c5 b5 28. c6 Bc8 29. e5 f5 30. f4 Be6 31. Rb4 Rfd8 32. a4 a6 33. Ra1 Rab8 34. axb5 Rxb5 35. Rxb5 axb5 36. Ra7 Rc8 37. Kf2 Kf7 38. Ke1 Ke7 39. Kd2 Kd8 40. Rb7 Ra8 0-1

[Event "DESC T0045 email"]
[Site "DESC email"]
[Date "2002.02.15"]
[Round "?"]
[White "Blankenberg, Bruno"]
[Black "Van Boemmel, Philipp"]
[Result "1-0"]
[WhiteElo "2092"]
[BlackElo "1562"]
[PlyCount "25"]
[EventDate "2002.??.??"]
[EventType "tourn (corr)"]
[EventRounds "8"]
[EventCountry "GER"]
[SourceTitle "Corr 2004"]
[Source "ChessBase"]
[SourceDate "2003.04.28"]
[SourceVersion "3"]
[SourceVersionDate "2003.04.28"]
[SourceQuality "1"]

1. e4 c6 2. d4 d5 3. c4 dxe4 4. Nc3 Nf6 5. f3 exf3 6. Nxf3 Bg4 7. Be2 e6 8. 0-0 Be7 9. Be3 Nbd7 10. d5 cxd5 11. cxd5 exd5 12. Nxd5 Nxd5 13. Qxd5 1-0